Регионална библиотека "Любен Каравелов" - Русе

Богослужебна прослава на преподобния наш отец Димитрий Басарбовски (Запис номер 28931)

MARC детайли
000 -Лидер
Контролно поле с фиксирана дължина 02697nam a2200529 c 4500
003 - Код на организацията, давaща контролен номер
Контролно поле BLK
005 - Дата и час на последна редакция
Контролно поле 20230811005151.0
008 - Елементи от данни с фиксирана дължина
fixed length control field 180407b bul|||||r ||||||| ||bul||
010 ## - Наследен системен номер
LC control number KNG00031534000
020 ## - Международен стандартен номер на книга ISBN
Международен стандартен номер на книга ISBN 954-90587-5-1
040 ## - Източник на каталожния запис
Идентификатор на билиотеката - собственик на записа BLK
041 ## - Код за език
Код за езика на текст/звукозапис или на отделно заглавие Български
Код за езика КДБФ Български
072 #7 - Код за тематичната категория
Код организация bullib
Код за тематична категория К
Текст Краезнание
072 #7 - Код за тематичната категория
Код организация bullib
Код за тематична категория Я
Текст Автографи
080 ## - УДК
Текстов определител УДК Ангели, демони, светци. Учения за духа. Светият Дух. Агиография
УДК код - определител по УДК 235
УДК определител (497.2)(092)
УДК - код + определител 235(497.2)(092)
080 ## - УДК
Текстов определител УДК Източноправославни църкви: българска, руска, гръцка, сръбска, румънска, грузинска, македонска
УДК код - определител по УДК 281.9
УДК определител (497.2)
УДК - код + определител 281.9(497.2)
080 ## - УДК
Текстов определител УДК Преподобни Димитрий Басарбовски - с. Басарбово, Русенско
УДК код - определител по УДК 929 Димитрий Басарбовски, св.
УДК - код + определител 929 Димитрий Басарбовски, св.
139 ## - Редно поле
Редна дума Богослужебна прослава на преподобния наш отец Димитрий Басарбовски
Авторски знак Дими - Д 58
245 10 - Сведения за заглавието
Заглавие Богослужебна прослава на преподобния наш отец Димитрий Басарбовски
Редно поле (дума) състав. и предг. Виктор Мутафов, Ангел Младенов ; прев. от рум. Петър Тотев.
257 ## - Страна на издаване
Страна на създаване/издаване България
260 ## - Област на издателските данни
Място на издаване, разпространение и проч. Русе
Име на издателя, разпространителя и проч. Анжела
Година на издаване 2000
Печатница Русе : Дунав прес
300 ## - Физическа характеристика
Страници 56 с.
Размери/Мащаб 20 см
380 ## - Жанр
Жанр Религия. Теология
600 14 - Име на лице, използвано като предмет
За него / За нея Димитрий Басарбовски, св.
9 (RLIN) 270014
650 #4 - Допълнително описание по предмет – тема
Основно описание – тема или топоним Богослужение
9 (RLIN) 148888
650 #4 - Допълнително описание по предмет – тема
Основно описание – тема или топоним Източноправославна църква
9 (RLIN) 261932
650 #4 - Допълнително описание по предмет – тема
Основно описание – тема или топоним Димитрий Басарбовски, св.
9 (RLIN) 270014
650 #7 - Допълнително описание по предмет – тема
Основно описание – тема или топоним Светци, български
Източник на редна или ключова дума
9 (RLIN) 170331
653 ## - Ключова дума – ненормативна
Ключова дума св. Димитрий Басарбовски
653 ## - Ключова дума – ненормативна
Ключова дума светци
653 ## - Ключова дума – ненормативна
Ключова дума богослужение
659 ## - Тематичен бюлетин
Тематичен бюлетин К
659 ## - Тематичен бюлетин
Тематичен бюлетин Я
700 ## - Други автори (авторска отговорност)
Лично име Мутафов, Виктор архим.
Друга информация Виктор, архим. ; Мустафов, Виктор
Дати, свързани с автора 1964-
Пълна форма на името Мутафов, Вихрен Стоянов
Автороска отговорност (Описва отношението между автора и произведението) състав. и предг. от
9 (RLIN) 268956
700 1# - Други автори (авторска отговорност)
Лично име Младенов, Ангел
Автороска отговорност (Описва отношението между автора и произведението) състав. и предг. от
9 (RLIN) 270012
700 1# - Други автори (авторска отговорност)
Лично име Тотев, Петър
Автороска отговорност (Описва отношението между автора и произведението) прев. от рум.
9 (RLIN) 270013
852 ## - Местоположение
Форматна сигнатура Цб 204369
852 ## - Местоположение
Форматна сигнатура К 2(092)/Д 58
856 4# - Електронен адрес и достъп
Електронен формат pdf - файл
856 4# - Електронен адрес и достъп
Електронен формат pdf - файл
999 ## - СИСТЕМНИ КОНТРОЛНИ НОМЕРА
Koha biblionumber 28931
Koha biblioitemnumber 28931
942 ## - АРТИКУЛИ
Вид на библиотечния материал Книги
Скрит в OPAC Не
Периодичен библиозапис Да
944 ## - СЪЗДАВАНЕ И РЕДАКЦИЯ на ЗАПИСА
Създаване/Редакция Създаване
Дата на регистрацията/редакция 15.01.2003
Служител, извършил регистрацията/редакцията
Статус, дата на статуса CRON CRON
944 ## - СЪЗДАВАНЕ И РЕДАКЦИЯ на ЗАПИСА
Създаване/Редакция Редакция
Дата на регистрацията/редакция 18.12.2013
999 ## - СИСТЕМНИ КОНТРОЛНИ НОМЕРА
Koha biblioitemnumber 28931
999 ## - СИСТЕМНИ КОНТРОЛНИ НОМЕРА
Koha biblioitemnumber 28931
999 ## - СИСТЕМНИ КОНТРОЛНИ НОМЕРА
Koha biblioitemnumber 28931
Наличности
Код за отписване Код за изгубен артикул Източник на класификационната схема Код за повреда Коз за рестрикции Код за отдаване Артикулен № Име на библиотеката - собственик Име на библиотеката, в която се намира в момента Статус (Текущо местоположение) Дата на вписване в системата Местоположение - отдел Цена в лева Номерация (Хронология) Инвентарен номер Систематично азбучна сигнатура Баркод Номер на екземпляра Цена в евро Служебна бележка Служебен тип на артикула
  Не е изгубен Universal Decimal Classification Не е повреден без рестрикции ползва се в читалня 46420 Регионална библиотека "Любен Каравелов" Русе Регионална библиотека "Любен Каравелов" Русе Краезнание 2001-01-01 Краезнание 2.00 Автограф: Архимандрит Виктор Мутафов 654749 К 2(092)/Д 58 120000654749 1 1.02 Дост: DA Вид: А N: стар фонд Дата: 01.01.2000 Дата инв: 08.11.2017 Бележки инв: К2017 Книги
  Не е изгубен   Не е повреден без рестрикции ползва се в читалня 46421 Регионална библиотека "Любен Каравелов" Русе Регионална библиотека "Любен Каравелов" Русе Хранилище 2005-01-24 Хранилище 1.50   120000691305 Цб 204369 120000691305 2 0.77 Дост: Dp Вид: Д N: 13 Дата: 17.03.2004 Книги
Vip Innovations Ltd, Rousse, Bulgaria 2025